The initial mass function 50 years later (Record no. 16216)

MARC details
000 -LEADER
fixed length control field 00753nam a2200217Ia 4500
003 - CONTROL NUMBER IDENTIFIER
control field IN-BaIIA
008 - FIXED-LENGTH DATA ELEMENTS--GENERAL INFORMATION
fixed length control field 211028s9999 xx 000 0 eng d
020 ## - INTERNATIONAL STANDARD BOOK NUMBER
International Standard Book Number 1-4020-3406-7
040 ## - CATALOGING SOURCE
Transcribing agency IIA Library
080 ## - UNIVERSAL DECIMAL CLASSIFICATION NUMBER
Universal Decimal Classification number 52(082.1)
Item number ASS-327
245 #4 - TITLE STATEMENT
Title The initial mass function 50 years later
Statement of responsibility, etc. edited by Edvige Corbelli, Francesco Palla and Hans Zinnecker
260 ## - PUBLICATION, DISTRIBUTION, ETC.
Place of publication, distribution, etc. Dordrecht
Name of publisher, distributor, etc. Springer
Date of publication, distribution, etc. 2005
300 ## - PHYSICAL DESCRIPTION
Extent xx, 543p.
490 ## - SERIES STATEMENT
Series statement Astrophysics and space science library; v. 327
650 ## - SUBJECT ADDED ENTRY--TOPICAL TERM
Topical term or geographic name entry element Initial mass function
9 (RLIN) 22921
650 ## - SUBJECT ADDED ENTRY--TOPICAL TERM
Topical term or geographic name entry element Star clusters
9 (RLIN) 6686
700 ## - ADDED ENTRY--PERSONAL NAME
Personal name Corbelli, Edvige, ed.
9 (RLIN) 29997
700 ## - ADDED ENTRY--PERSONAL NAME
Personal name Palla, Francesco, ed.
9 (RLIN) 29998
700 ## - ADDED ENTRY--PERSONAL NAME
Personal name Zinnecker, Hans, ed.
9 (RLIN) 29999
942 ## - ADDED ENTRY ELEMENTS (KOHA)
Koha item type Books
Holdings
Withdrawn status Lost status Damaged status Not for loan Home library Current library Shelving location Date acquired Source of acquisition Cost, normal purchase price Total Checkouts Full call number Barcode Date last seen Cost, replacement price Price effective from Koha item type Purchase Price
        IIA Library-Bangalore IIA Library-Bangalore General Stacks 14/09/2006 PBPL 9505.00   52(082.1)/ ASS-327 17138 05/11/2021 9505.00 14/09/2006 Books Rs. 9505.00

Powered by Koha